Nuevamente sobre la obligación de los profesionales de Ciencias Económicas de formular denuncias penales (Registro nro. 12536)

Detalles MARC
000 -LEADER
fixed length control field 00373 a2200109 4500
001 - CONTROL NUMBER
control field ART_50718
005 - DATE AND TIME OF LATEST TRANSACTION
control field 20260410161632.0
008 - FIXED-LENGTH DATA ELEMENTS--GENERAL INFORMATION
fixed length control field 260409a
100 1# - MAIN ENTRY--PERSONAL NAME
Personal name Robiglio, Carolina L.
245 10 - TITLE STATEMENT
Title Nuevamente sobre la obligación de los profesionales de Ciencias Económicas de formular denuncias penales
773 0# - HOST ITEM ENTRY
Title Enfoques
Related parts - N°2 (feb. 2020)
Record control number REV416

No hay ítems disponibles.